Chasing Harry Winston / (Record no. 586264)
[ view plain ]
| 000 -LEADER | |
|---|---|
| fixed length control field | 00628cam a22001934a 4500 |
| 020 ## - INTERNATIONAL STANDARD BOOK NUMBER | |
| International Standard Book Number | 9780743290111 (alk. paper) |
| 020 ## - INTERNATIONAL STANDARD BOOK NUMBER | |
| International Standard Book Number | 1416590196 (alk. paper) |
| 082 00 - DEWEY DECIMAL CLASSIFICATION NUMBER | |
| Classification number | 813.6 |
| 100 1# - MAIN ENTRY--PERSONAL NAME | |
| Personal name | Weisberger, Lauren, |
| Dates associated with a name | 1977- |
| 245 10 - TITLE STATEMENT | |
| Title | Chasing Harry Winston / |
| Statement of responsibility, etc. | Lauren Weisberger. |
| 260 ## - PUBLICATION, DISTRIBUTION, ETC. | |
| Place of publication, distribution, etc. | London |
| Name of publisher, distributor, etc. | Harper Collins |
| Date of publication, distribution, etc. | c2008. |
| 300 ## - PHYSICAL DESCRIPTION | |
| Extent | 308 p. ; |
| Dimensions | 17.5 cm. |
| 650 #0 - SUBJECT ADDED ENTRY--TOPICAL TERM | |
| Topical term or geographic name entry element | Young women |
| 650 #0 - SUBJECT ADDED ENTRY--TOPICAL TERM | |
| Topical term or geographic name entry element | Female friendship |
| 942 ## - ADDED ENTRY ELEMENTS (KOHA) | |
| Source of classification or shelving scheme | |
| Koha item type | Book |
| 650 #0 - SUBJECT ADDED ENTRY--TOPICAL TERM | |
| -- | 81896 |
| 650 #0 - SUBJECT ADDED ENTRY--TOPICAL TERM | |
| -- | 3696 |
| Withdrawn status | Lost status | Source of classification or shelving scheme | Materials specified (bound volume or other part) | Damaged status | Not for loan | Permanent Location | Current Location | Date acquired | Source of acquisition | Total Checkouts | Full call number | Barcode | Date last seen | Price effective from | Koha item type |
|---|---|---|---|---|---|---|---|---|---|---|---|---|---|---|---|
| Donated by Ms. Saima Anwer DFID | Central Library (CL) | Central Library (CL) | 08/28/2021 | Donation | 813.6 WEI | CL-D-1178 | 08/22/2025 | 08/28/2021 | Book |
